[Event "CRO-chT2 Ost"]
[Site "Croatia"]
[Date "2015.10.18"]
[Round "9.15"]
[White "Majer, Zvonimir"]
[Black "Zubak, Zeljko"]
[Result "1/2-1/2"]
[WhiteElo "1852"]
[BlackElo "2018"]
[PlyCount "62"]
[EventDate "2015.04.25"]
[EventType "team-tourn"]
[EventRounds "11"]
[EventCountry "CRO"]
[SourceTitle "EXT 2016"]
[Source "ChessBase"]
[SourceDate "2015.10.08"]
[SourceVersion "1"]
[SourceVersionDate "2015.10.08"]
[SourceQuality "1"]

1. d4 d5 2. Nf3 Nf6 3. e3 e6 4. Bd3 c6 5. 0-0 Bd6 6. c4 0-0 7. Nc3 Nbd7 8. Bd2 Re8 9. Rc1 h6 10. cxd5 exd5 11. Bb1 a6 12. a3 Qe7 13. h3 Nb6 14. Bd3 Bd7 15. Qb3 Bc7 16. Rfe1 Rad8 17. Ne5 Bc8 18. f4 Nbd7 19. Ne2 Ne4 20. Bxe4 dxe4 21. Ng3 Nxe5 22. fxe5 Qe6 23. Qxe6 Bxe6 24. Nxe4 Bd5 25. Nc5 Rb8 26. Rf1 Bb6 27. b4 Bxc5 28. bxc5 Be4 29. Rf4 Bd5 30. Rcf1 Re7 31. Bb4 Rbe8 1/2-1/2

[Event "CRO-chT2 Ost"]
[Site "Croatia"]
[Date "2015.05.09"]
[Round "4.45"]
[White "Hodak, Stevo"]
[Black "Majer, Zvonimir"]
[Result "1-0"]
[WhiteElo "2237"]
[BlackElo "1858"]
[PlyCount "85"]
[EventDate "2015.04.25"]
[EventType "team-tourn"]
[EventRounds "11"]
[EventCountry "CRO"]
[SourceTitle "EXT 2016"]
[Source "ChessBase"]
[SourceDate "2015.10.08"]
[SourceVersion "1"]
[SourceVersionDate "2015.10.08"]
[SourceQuality "1"]

1. e4 d6 2. d4 g6 3. Nc3 Bg7 4. Be3 Nf6 5. f3 a6 6. Qd2 h5 7. 0-0-0 Nc6 8. Bc4 Na5 9. Bd3 Nd7 10. f4 Nb6 11. Qe2 Bg4 12. Nf3 Nc6 13. e5 d5 14. h3 Bxf3 15. Qxf3 e6 16. g4 Nb4 17. Be2 Qd7 18. a3 Nc6 19. f5 0-0-0 20. fxg6 fxg6 21. Bd3 Rdf8 22. Qe2 Bh6 23. g5 Bg7 24. Bxg6 Nc4 25. Bd3 N6a5 26. b3 Nxe5 27. dxe5 d4 28. Bd2 dxc3 29. Bxc3 Qe7 30. Kb2 Nc6 31. Bxa6 Qc5 32. Qc4 Qb6 33. Qxe6+ Kb8 34. Bc4 Rf2 35. Bd5 Bf8 36. b4 Bg7 37. Bxc6 Qxc6 38. Qxc6 bxc6 39. Rhf1 Rhf8 40. Rxf2 Rxf2 41. Rd7 Bf8 42. e6 Kc8 43. Rf7 1-0